00469nam a22001337a 4500003000500000038001800005082000800023100002600031245011600057264003500173650003200208700003800240856005700278NUST aNusrat Nadeem a200 aKhan, Muhammad Waleed aA Framework for Integrating Person Re-Identification with Retail and Marketing Systems/cMuhammad Waleed Khan,  aIslamabad:bSEECS NUST.c2025. aMS- Electrical Engineering  aSupervisor: Dr. Fahad Ahmed Satti uhttp://10.250.8.41:8080/xmlui/handle/123456789/54426